[Event "Mazowiec-chT op"]
[Site "Mazowsze"]
[Date "2009.03.30"]
[Round "6"]
[White "Czajkowski, Adam"]
[Black "Szumanski, Karol"]
[Result "1-0"]
[WhiteElo "1684"]
[BlackElo "1851"]
[PlyCount "65"]
[EventDate "2009.01.11"]
[EventType "team-tourn"]
[EventRounds "10"]
[EventCountry "POL"]
[SourceTitle "EXT 2013"]
[Source "ChessBase"]
[SourceDate "2012.11.22"]
[SourceVersion "1"]
[SourceVersionDate "2012.11.22"]
[SourceQuality "1"]

1. e4 c5 2. Nf3 Nc6 3. d4 d5 4. Bb5 dxe4 5. d5 a6 6. dxc6 Qxd1+ 7. Kxd1 axb5 8. cxb7 Bxb7 9. Ng1 Rd8+ 10. Ke2 Nf6 11. Be3 e6 12. Nh3 Be7 13. Nd2 0-0 14. a4 bxa4 15. Rxa4 Rd7 16. Ng5 Rfd8 17. Rg1 Nd5 18. Nc4 Nxe3 19. Nxf7 Bc6 20. Nxd8 Bxa4 21. Nb6 Rxd8 22. Nxa4 Nxc2 23. Rc1 Nd4+ 24. Ke1 Nb3 25. Rc3 Rd3 26. Rc4 Rd4 27. Nb6 Rd2 28. Nc8 Bf6 29. Rxc5 Bd4 30. Rb5 Bxf2+ 31. Kf1 Rxb2 32. Nd6 e3 33. Rb8# 1-0

[Event "Zlota Wieza op 49th"]
[Site "Gniezno"]
[Date "2007.05.26"]
[Round "9"]
[White "Smola, Michal"]
[Black "Szumanski, Karol"]
[Result "1/2-1/2"]
[WhiteElo "2067"]
[BlackElo "1872"]
[PlyCount "110"]
[EventDate "2007.05.20"]
[EventType "swiss"]
[EventRounds "9"]
[EventCountry "POL"]
[SourceTitle "EXT 2011"]
[Source "ChessBase"]
[SourceDate "2010.11.26"]
[SourceVersion "1"]
[SourceVersionDate "2010.11.26"]
[SourceQuality "1"]

1. e4 e6 2. d4 c5 3. Nf3 cxd4 4. Nxd4 Ne7 5. Nb5 Ng6 6. Nd6+ Bxd6 7. Qxd6 Qe7 8. Qxe7+ Nxe7 9. c4 0-0 10. Nc3 a6 11. Be3 Nbc6 12. 0-0-0 f5 13. Na4 b5 14. Nb6 Rb8 15. cxb5 axb5 16. Bxb5 fxe4 17. Bc5 Rf5 18. b4 Nxb4 19. Bxe7 Rxb6 20. a4 Nd5 21. Bc5 Rxb5 22. axb5 Nc3 23. Bd4 Nxd1 24. Rxd1 Rxb5 25. Re1 Bb7 26. g3 Kf7 27. Kc2 Bc6 28. Rb1 Rd5 29. Be3 Kg6 30. Rb8 Kf7 31. Kc3 e5 32. Kb4 Rd1 33. Kc5 h6 34. h4 Rd5+ 35. Kb4 d6 36. Rc8 Bd7 37. Rd8 Be8 38. Rb8 Rd1 39. Rb7+ Kf6 40. Rb6 Rb1+ 41. Kc3 Rxb6 42. Bxb6 d5 43. Kd2 d4 44. Bc7 Bh5 45. Bb8 Kf5 46. Bc7 g5 47. hxg5 hxg5 48. Bb8 Ke6 49. Bc7 Kd5 50. Bb8 d3 51. Ba7 Ke6 52. Be3 Kf5 53. Ba7 Kg4 54. Bb6 Kf3 55. Be3 g4 1/2-1/2

[Event "Zlota Wieza op 49th"]
[Site "Gniezno"]
[Date "2007.05.23"]
[Round "5"]
[White "Szumanski, Karol"]
[Black "Opalinski, Sebastian"]
[Result "1-0"]
[WhiteElo "1872"]
[BlackElo "2000"]
[PlyCount "81"]
[EventDate "2007.05.20"]
[EventType "swiss"]
[EventRounds "9"]
[EventCountry "POL"]
[SourceTitle "EXT 2011"]
[Source "ChessBase"]
[SourceDate "2010.11.26"]
[SourceVersion "1"]
[SourceVersionDate "2010.11.26"]
[SourceQuality "1"]

1. e4 d5 2. exd5 Qxd5 3. d4 e5 4. Nc3 Qa5 5. dxe5 Bb4 6. Bd2 Nc6 7. a3 Nd4 8. Bd3 Qxe5+ 9. Nge2 Bc5 10. Bf4 Qe6 11. 0-0 Nxe2+ 12. Bxe2 Ne7 13. Nb5 Bb6 14. Bxc7 0-0 15. Bxb6 Qxb6 16. Qd6 Nc6 17. Bc4 Bf5 18. b4 Bxc2 19. Rac1 Bg6 20. Rfd1 Rad8 21. Qf4 a6 22. Nc3 Nd4 23. Ne2 Ne6 24. Qg3 Bh5 25. Rxd8 Rxd8 26. Nf4 Qd4 27. Nxe6 fxe6 28. Bxe6+ Kh8 29. h3 Re8 30. Bb3 h6 31. Rc7 g5 32. Rxb7 Re1+ 33. Kh2 Qa1 34. Qc7 Rh1+ 35. Kg3 Rxh3+ 36. Kxh3 Qh1+ 37. Qh2 g4+ 38. Kg3 Qb1 39. Qxh5 Qxb3+ 40. Kh2 Qe6 41. Qf7 1-0

[Event "Zlota Wieza op 49th"]
[Site "Gniezno"]
[Date "2007.05.20"]
[Round "1"]
[White "Szumanski, Karol"]
[Black "Szydelko, Marcin"]
[Result "0-1"]
[WhiteElo "1872"]
[BlackElo "1816"]
[PlyCount "80"]
[EventDate "2007.05.20"]
[EventType "swiss"]
[EventRounds "9"]
[EventCountry "POL"]
[SourceTitle "EXT 2011"]
[Source "ChessBase"]
[SourceDate "2010.11.26"]
[SourceVersion "1"]
[SourceVersionDate "2010.11.26"]
[SourceQuality "1"]

1. e4 e5 2. Nf3 Nc6 3. Bc4 Nf6 4. 0-0 Bc5 5. c3 d6 6. d4 exd4 7. cxd4 Bb6 8. d5 Ne5 9. Nxe5 dxe5 10. Bg5 Qd6 11. Nc3 a6 12. Be2 Bd7 13. Rc1 0-0-0 14. Kh1 h6 15. Bh4 g5 16. Bg3 h5 17. f3 h4 18. Bf2 Nh5 19. Nb1 Ng3+ 20. Kg1 Nxf1 21. Qxf1 f5 22. Nd2 Bxf2+ 23. Qxf2 Kb8 24. Nc4 Qe7 25. d6 cxd6 26. Qb6 Bb5 27. Na5 Rc8 28. Rxc8+ Rxc8 29. Bxb5 axb5 30. exf5 Qc7 31. Qxc7+ Rxc7 32. g4 hxg3 33. hxg3 Kc8 34. Nb3 Rc2 35. f4 gxf4 36. gxf4 b6 37. f6 Kd7 38. f5 Ke8 39. Kf1 Kf7 40. Ke1 Kxf6 0-1